Представление документа в формате RUSMARC

ПолеНазваниеЗначение
  Тип записи a
  Библиографический уровень m
001 Контрольный номер RU/ГПНТБ России/IBIS/84(5Изр)/О-57-307821989
005 Дата корректировки 20260311113822.6
010 Индекс ISBN __
a ISBN 978-5-04-197915-7
b Уточнения в пер.
9 Тираж 10000 экз.
d Цена 536-68
100 Данные общей обработки __
a Данные общей обработки 20251017d2025 m y0rusy028902 ca
101 Язык документа 1_
a Язык текста rus
c Язык оригинала eng
102 Страна публикации __
a Страна публикации RU
105 Кодированные данные (монография) __
a Кодированные данные (монография) y z 000ay
181 Поле кодированных данных: вид содержания _0
a Код вида содержания (ISBD) i
182 Поле кодированных данных: тип средства _0
a Код типа средства (ISBD) n
200 Заглавие и сведения об ответственности 1_
a Заглавие Странные игры
e Сведения, относящиеся к заглавию [роман]
f Первые сведения об ответственности Майк Омер
g Последующие сведения об ответственности перевод с английского В. Тулаева
203 Вид содержания и тип средства __
c Тип средства непосредственный
a Вид содержания Текст
210 Выходные данные 1_
a Место издания Москва
c Издательство Inspiria
c Издательство Эксмо
d Дата издания 2025
215 Физическое описание __
a Объем 380, [1] с.
d Формат 21 см
225 Серия 2_
a Серия Ток
i Наименование части Внутри убийцы. Триллеры о психологах-профайлерах
320 Библиография __
a Библиография Другие книги автора: с. [2]
330 Аннотация __
a Аннотация Восьмилетнюю Кэти Стоун похитили прямо с лужайки перед собственным домом. Прошло пятнадцать месяцев, и уже никто не верит, что девочка жива. Пока не случается чудо: Кэти находят на обочине дороги в соседнем городе. Теперь все хотят знать, что с ней произошло. Но девочка не произносит ни слова и очень напугана. Детский психолог Робин Харт — единственная, кому удалось наладить контакт с ребенком. В качестве игровой терапии она использует кукольный домик. И тогда Кэти начинает играть в крайне странные игры. Каждый сеанс ее кукла-злодей делает жуткие вещи с одной из кукол, "живущих" в домике. Одну закалывает ножом, другую топит, третью приковывает цепью к пластиковому диванчику… А потом Робин узнает из новостей о телах девушек, найденных полицией. Телах с травмами, похожими на те, что наносила кукла-злодей. И становится ясно: девочка разыгрывает настоящие убийства...
333 Примечание о целевом назначении __
a Примечание о целевом назначении 16+. Для детей старше 16 лет
454 Оригинал _0
1 2001
a Please Tell Me
f Mike Omer
1 700 1
a Omer
g Mike
b M.
606 Тематические рубрики __
a Основная рубрика Художественная литература
2 Код системы nlr_sh
606 Тематические рубрики __
a Основная рубрика Литература Азии (произведения)
2 Код системы nlr_sh
y Географическая подрубрика Израиль
z Хронологическая подрубрика 21 в.
610 Ключевые слова 0_
a Ключевые слова зарубежная литература
610 Ключевые слова 0_
a Ключевые слова современная литература
610 Ключевые слова 0_
a Ключевые слова израильская литература
610 Ключевые слова 0_
a Ключевые слова романы
610 Ключевые слова 0_
a Ключевые слова детективы
610 Ключевые слова 0_
a Ключевые слова тема похищения детей
610 Ключевые слова 0_
a Ключевые слова похищения
610 Ключевые слова 0_
a Ключевые слова тема маньяков
610 Ключевые слова 0_
a Ключевые слова маньяки
610 Ключевые слова 0_
a Ключевые слова тема серийных убийц
610 Ключевые слова 0_
a Ключевые слова серийные убийцы
610 Ключевые слова 0_
a Ключевые слова тема расследований
610 Ключевые слова 0_
a Ключевые слова расследования
686 Индексы других классификаций __
2 Код системы rubbks
a Классификационный индекс 84(5Изр)6-445
700 Автор _1
a Фамилия Омер
b Имя М.
g Полное личное имя Майк
f Даты 1979-
4 Код отношения 070
702 Вторичная интеллектуальная ответственность _1
a Фамилия Тулаев
b Имя В. Н.
g Полное личное имя Виталий Никонович
4 Код отношения 730
f Даты 1970-
801 Источник записи _0
b Организация ГПНТБ России
a Страна RU
c Дата составления 20250930
g Правила каталогизации PSBO
801 Источник записи _1
b Организация ГПНТБ России
a Страна RU
c Дата составления 20250930
g Правила каталогизации PSBO
852 Данные о местонахождении 5_
j Шифр хранения 84(5Изр)6-445
i Авторский знак О-57
900 Макрообъекты __
a Макрообъекты Странные игры. Омер, М., 2025
901 Тип документа __
a Ответственный КиК/Обаева
t Тип документа m
903 Характеристики (МАРС) __
a Дата передачи 20251017
c Наименование библиотеки (МАРС) Муниципальное бюджетное учреждение культуры "Централизованная библиотечная система" г. Сургут (Центральная городская библиотека им. А. С. Пушкина)
990 Данные о заказе (DOS) __
j Количество экземпляров (DOS) 8
t N записи в КСУ для И/У (DOS) 202511
996 Контроль за деятельностью лиц, находящихся под иностранным влиянием __
b Текстовое указание Содержит информацию о наркотических или психотропных веществах, употребление которых опасно для здоровья. Их незаконный оборот влечет уголовную ответственность